000 00632nam a2200229Ia 4500
003 OSt
005 20220928115635.0
006 a|||||r|||| 00| 0
007 ta
008 220927b |||||||| |||| 00| 0 eng d
024 _a64211
037 _cTextual
040 _aSDCL
_cSDCL
_beng
041 _2eng
_aeng
082 _aB289310bG, M4
100 _aSwan George W.
_9445289
245 0 _aApplication of Optimal Control Theory in Biomedicine
260 _aNew York
_b Marcel Dekker,
_c1984
300 _axi,285p.
_ccm.
942 _hB289310bG, M4
_cTEXL
_2CC
999 _c760257
_d760257